00995 2200181 4500001002100000005001500021035002000036245011100056100002100167250001700188300002900205260003900234082000800273084001400281020002200295650001000317520048600327INLIS00000000000012420240507111732 a0010-05240000461 aEnsiklopedia Eksperimen Sains untuk Kelas Belajar Siswa Aktif :bDari Warna Hingga Air /cMike Gembirasari0 aMike Gembirasari acetakan ke-1 a122 hlm :bilus ;c25 cm aJakarta :bTim Listafariska,c2006 a500 a500 MIK e a978-979-242-499-7 4aSains aEnsiklopedi percobaan ini dipersembahkan buat anak-anak Sekolah Dasar dengan Sistem Kelas Belajar Siswa Aktif. Dengan metode yang sangat atraktif dan menarik buku ini diharapkan bias mendorong semangat anak-anak untuk menjadi peneliti dan penemu di dunia Sains yang berkembang pesat. Ensiklopedi pemula ini diharapkan menjadi buku pemula bagi para saintis dan merangsang semangat belajar bagi anak-anak karena dihiasi dengan ilustrasi yang penuh warna dan memikat buat anak-anak